000 00994aam a2200361 4500
005 20251111155949.0
008 150413b2008 xxu||||| |||| 00| 0 spa d
020 _a9789681852825
041 _aESP
082 _a658.5 M379l
100 _aMartin,Christopher
_933286
245 _aLogística: aspectos estratégicos
260 _aMéxico
260 _bLimusa
260 _c2008
300 _a327 páginas
490 _aDirección y Administración de Empresas
490 _aSecretariado Ejecutivo
650 _aGERENCIA DE PRODUCIÓN
650 _aADMINISTRACIÓN
650 _a LOGISTICA
650 _aSUMINISTROS
650 _aSERVICIO AL CLIENTE
650 _aGLOBALIZACIÓN
650 _aREDESCUBRIMIENTO DE LA LOGÍSTICA
650 _aMERCADOTECNIA
650 _aADMINISTRACIÓN LOGÍSTICA DE MATERIALES
650 _aINVENTARIO
650 _aADMINISTRACIÓN DE TIEMPOS
650 _aSISTEMAS LOGICOS
650 _aAUDITORIA DE CALIDAD
942 _cBK
_2ddc
999 _c4568
_d4568